000 00446nam a2200181Ia 4500
005 20250508152713.0
008 008 250505s9999 xx 000 0 eng d
020 _a0-7141-1422-7
037 _aTextual
040 _aFEDL
_beng
_cFEDL
041 _aeng
_2eng
084 _a954, IND
_qFEDL
245 0 _aChildrens history of India
260 _c1960
300 _a166p.
942 _cTEXL
_h954, IND
999 _c1338166
_d1338166